|
|
|
|
| LEADER |
00626nab a2200169 i 4500 |
| 001 |
acta52775 |
| 005 |
20260224081030.0 |
| 008 |
180412s1937 hu o 000 hun d |
| 040 |
|
|
|a SZTE Egyetemi Kiadványok Repozitórium
|b hun
|
| 041 |
|
|
|a hun
|
| 100 |
1 |
|
|a V. L.
|
| 245 |
1 |
0 |
|a Szünidei továbbképző tanfolyam kereskedelmi iskolai tanárok részére
|h [elektronikus dokumentum] /
|c V. L.
|
| 260 |
|
|
|c 1937
|
| 300 |
|
|
|a 148-149
|
| 490 |
0 |
|
|a Nevelésügyi szemle
|v 1 No. 1-10
|
| 695 |
|
|
|a Továbbképzés - pedagógus - Magyarország - 20. sz.
|
| 856 |
4 |
0 |
|u http://acta.bibl.u-szeged.hu/52775/1/nev_szem_001_148-149.pdf
|z Dokumentum-elérés
|